Holiday Quiz

Random Holiday or Halloween Quiz

Halloween Without Halloween Quiz Stats

 Plays Quiz not verified by Sporcle

Support Sporcle.
Go Orange.
Score 0/20 Timer 02:00
0 Plays Today
Hint Answer % Correct
brmstickbroomstick
85.1%
gstghost
82.6%
cstum prtycostume party
82.6%
trick r trttrick-or-treat
78.5%
zmbizombie
76.9%
cus pcushocus pocus
76.9%
grim rprGrim Reaper
76%
btbat
71.9%
tmbsttombstone
71.9%
cdycandy
69.4%
Hint Answer % Correct
mstr msMonster Mash
63.6%
frigtigfrightening
61.2%
dvidevil
56.2%
jck trjack-o'-lantern
55.4%
sktskeleton
40.5%
itcs brwitches brew
37.2%
cudrcauldron
31.4%
ppritiapparition
31.4%
utd ushaunted house
30.6%
suprrsuperhero
17.4%

You're not logged in!

Compare scores with friends on all Sporcle quizzes.
OR
Log In

From the Vault

Inventors by Their Inventions

by El_Dandy

You may need to phone a friend to get through this quiz.
Remove Ads.
Support Sporcle.
Get the best of Sporcle when you Go Orange. This ad-free experience offers more features, more stats, and more fun while also helping to support Sporcle. Thank you for becoming a member.

Show Comments

Extras

Top Quizzes Today


Score Distribution

Your Account Isn't Verified!

In order to create a playlist on Sporcle, you need to verify the email address you used during registration. Go to your Sporcle Settings to finish the process.

Report this User

Report this user for behavior that violates our Community Guidelines.

Details: